000 00331nam a22001457a 4500
008 230627b ||||| |||| 00| 0 eng d
020 _a0072556420
041 _aeng
080 _2FOURTH EDITION
_a159.9
082 _a159.9BRO
100 _a25
101 _aPSI
245 _aEXERCISE PHYSIOLOGY
_cBROOKS .A. G
942 _2udc
_cBK
999 _c60052
_d60052